Economic growth, inequality and migration

Αποθηκεύτηκε σε:
Λεπτομέρειες βιβλιογραφικής εγγραφής
Άλλοι συγγραφείς: Levy, Amnon (Επιμελητής έκδοσης), Faria, Joao Ricardo (Επιμελητής έκδοσης)
Μορφή: Βιβλίο
Γλώσσα:English
Δημοσίευση: Cheltenham, UK : Edward Elgar Pub., c2002
Θέματα:
Ετικέτες: Προσθήκη ετικέτας
Δεν υπάρχουν, Καταχωρήστε ετικέτα πρώτοι!

MARC

LEADER 00000cam a2200000 i 4500
001 1/34782
008 030327s2002 eng d
020 |a 1-85898-970-1 
035 |l 10069761 
040 |a GR-MY-UA  |b gre  |e aacr 
041 0 |a eng 
082 0 |a 338.9  |2 (21) 
245 1 0 |a Economic growth, inequality and migration /  |c Edited by Amnon Levy and Joao Ricardo Faria 
260 |a Cheltenham, UK :   |b Edward Elgar Pub.,   |c c2002 
300 |a xv, 365 p.;  |b ill.;  |c 25 cm. 
504 |a Includes bibliographical references and index 
650 0 0 |a Economic development. 
650 0 0 |a Income distribution. 
650 0 0 |a Emigration and immigration  |x Economic aspects. 
700 1 |a Levy, Amnon.  |4 edt 
700 1 |a Faria, Joao Ricardo.  |4 edt 
852 |a INST  |b SYROS  |e 20030327  |h 338.9 ECO  |p 005500002451  |q 005500002451  |t BK  |y 0 
901 |a BIBL5-2003-1 
909 |a Ε  |b 103677 
970 |a ΜΑΝΩΛΑΡΑΚΗ  |b ΜΑΡΙΑ  |z 2003/03/27